Statistics for Countries With the Most Tourists By Continent

Click here to take the quiz!

General Stats

  • This quiz has been taken 936 times
  • The average score is 6 of 6

Answer Stats

# of TouristsContinentCountry% Correct
69.8 millionNorth AmericaUnited States
100%
5.88 millionAustralia/OceniaAustralia
99%
5.6 millionSouth AmericaBrazil
99%
84.7 millionEuropeFrance
99%
55.7 millionAsiaChina
98%
10 millionAfricaMorocco
84%

Score Distribution

Percentile by Number Answered

Percent of People with Each Score

Your Score History

You have not taken this quiz